[Event "Gaprindashvili Cup 2014"]
[Site "Tbilisi GEO"]
[Date "2014.09.15"]
[Round "7.1"]
[White "Petrosyan, Tigran S."]
[Black "Pantsulaia, Levan"]
[Result "1/2-1/2"]
[WhiteTitle "FM"]
[BlackTitle "GM"]
[WhiteElo "2422"]
[BlackElo "2590"]
[WhiteFideId "13303678"]
[BlackFideId "13602071"]
[EventDate "2014.09.09"]

1. Nf3 Nf6 2. c4 c5 3. Nc3 g6 4. e4 Nc6 5. d4 cxd4 6. Nxd4 d6 7. Be2 Nxd4 8.
Qxd4 Bg7 9. Be3 O-O 10. Qd2 Be6 11. Rc1 Qa5 12. f3 Rfc8 13. b3 a6 14. Na4 Qxd2+
15. Kxd2 Nd7 16. g4 Rc6 17. h4 Rac8 18. h5 Kf8 19. hxg6 hxg6 20. g5 Nc5 21. Nc3
R6c7 22. b4 Nd7 23. Nd5 Bxd5 24. cxd5 Rc3 25. a4 Rxc1 26. Rxc1 Rxc1 27. Kxc1 Bc3
28. Bd2 Bxd2+ 29. Kxd2 f6 30. gxf6 exf6 31. Ke3 g5 32. f4 Ke7 33. a5 Kd8 34. Bg4
gxf4+ 35. Kxf4 Ne5 36. Be2 Kc7 37. Kf5 Nd7 38. Ke6 Ne5 39. Kxf6 Nd7+ 40. Kf5 Ne5
41. Kf4 Ng6+ 42. Ke3 Ne5 43. Kd4 Nd7 44. Bg4 Ne5 45. Bf5 Nf3+ 1/2-1/2

[Event "Gaprindashvili Cup 2014"]
[Site "Tbilisi GEO"]
[Date "2014.09.15"]
[Round "7.2"]
[White "Paichadze, Luka"]
[Black "Shanava, Konstantine"]
[Result "1-0"]
[WhiteTitle "GM"]
[BlackTitle "GM"]
[WhiteElo "2543"]
[BlackElo "2550"]
[WhiteFideId "13602934"]
[BlackFideId "13601784"]
[EventDate "2014.09.09"]

1. e4 c5 2. Nf3 d6 3. d4 cxd4 4. Qxd4 Nc6 5. Bb5 Bd7 6. Bxc6 Bxc6 7. Nc3 Nf6 8.
Bg5 e6 9. Bxf6 Qxf6 10. Qe3 Qd8 11. O-O-O Be7 12. Kb1 Qa5 13. Nd4 O-O 14. f4
Rfc8 15. g4 b5 16. g5 b4 17. Nce2 Qc5 18. Qd3 Bb7 19. Rhg1 a5 20. f5 e5 21. Nb3
Qc6 22. f6 Bd8 23. Ng3 a4 24. Nc1 Ba6 25. Qd2 b3 26. c3 a3 27. axb3 axb2 28.
Qxb2 g6 29. Rd5 Bb6 30. Rgd1 Bc5 31. Na2 Bb7 32. b4 Qa4 33. R5d2 Be3 34. Rxd6
Bxg5 35. c4 Be3 36. Nc3 Qa7 37. Nf5 Kh8 38. Nxe3 Qxe3 39. Qd2 Bxe4+ 40. Kb2
Qxd2+ 41. R1xd2 Bf5 42. c5 h6 43. c6 Rab8 44. b5 Bg4 45. R2d5 Bf3 46. Rc5 Rc7
47. Kc2 e4 48. Nd5 1-0

[Event "Gaprindashvili Cup 2014"]
[Site "Tbilisi GEO"]
[Date "2014.09.15"]
[Round "7.3"]
[White "Hovhannisyan, Robert"]
[Black "Baryshpolets, Andrey"]
[Result "1-0"]
[WhiteTitle "GM"]
[BlackTitle "GM"]
[WhiteElo "2592"]
[BlackElo "2540"]
[WhiteFideId "13302507"]
[BlackFideId "14117207"]
[EventDate "2014.09.09"]

1. e4 e5 2. Nf3 Nc6 3. Nc3 Nf6 4. d4 exd4 5. Nxd4 Bb4 6. Nxc6 bxc6 7. Bd3 d5 8.
exd5 cxd5 9. O-O O-O 10. h3 Re8 11. Qf3 Bb7 12. Bg5 Rb8 13. Nb5 Be7 14. Rfe1 a6
15. Nd4 Ne4 16. Bxe7 Qxe7 17. Bxe4 dxe4 18. Qc3 Qe5 19. Re3 Rbd8 20. Nb3 f5 21.
Qxe5 Rxe5 22. f4 Red5 23. Kf2 Bc6 24. Rc3 R8d6 25. Re1 a5 26. Rc5 a4 27. c4 Rxc5
28. Nxc5 Kf7 29. Ke3 Ke7 30. b4 axb3 31. axb3 Rg6 32. Kf2 Rd6 33. Ke3 Rg6 34.
Kf2 Rd6 35. g4 Rd2+ 36. Ke3 Rh2 37. gxf5 Rxh3+ 38. Kd4 Kf6 39. b4 Kxf5 40. b5
Be8 41. Rxe4 Bg6 42. Re7 Rh1 43. Rxc7 Rd1+ 44. Kc3 Rc1+ 45. Kb4 Rb1+ 46. Nb3
Kxf4 47. Kc3 Be4 48. Rf7+ Kg5 49. b6 h5 50. Rxg7+ Kf6 51. b7 Bxb7 52. Rxb7 h4
53. Rh7 Kg5 54. Nd2 Rc1+ 55. Kb2 1-0

[Event "Gaprindashvili Cup 2014"]
[Site "Tbilisi GEO"]
[Date "2014.09.15"]
[Round "7.4"]
[White "Fier, Alexandr"]
[Black "Babujian, Levon"]
[Result "1-0"]
[WhiteTitle "GM"]
[BlackTitle "GM"]
[WhiteElo "2579"]
[BlackElo "2484"]
[WhiteFideId "2107139"]
[BlackFideId "13301993"]
[EventDate "2014.09.09"]

1. d4 Nf6 2. c4 e6 3. Nc3 Bb4 4. a3 Bxc3+ 5. bxc3 d5 6. cxd5 c5 7. e3 exd5 8.
Bd3 O-O 9. Ne2 c4 10. Bc2 Re8 11. O-O b5 12. a4 bxa4 13. Rxa4 a5 14. f3 Nbd7 15.
Ng3 Bb7 16. Re1 Nb6 17. Ra2 h5 18. Ba3 g6 19. Qb1 h4 20. Ne2 Rxe3 21. Bxg6 Bc6
22. Bc1 Re8 23. Bg5 Na4 24. Nf4 1-0

[Event "Gaprindashvili Cup 2014"]
[Site "Tbilisi GEO"]
[Date "2014.09.15"]
[Round "7.5"]
[White "Gvetadze, Sofio"]
[Black "Onischuk, Vladimir"]
[Result "0-1"]
[WhiteTitle "IM"]
[BlackTitle "GM"]
[WhiteElo "2361"]
[BlackElo "2593"]
[WhiteFideId "13601440"]
[BlackFideId "14114038"]
[EventDate "2014.09.09"]

1. e4 g6 2. d4 Bg7 3. Nc3 d6 4. Be3 a6 5. a4 Nf6 6. h3 O-O 7. Nge2 e5 8. dxe5
dxe5 9. Qxd8 Rxd8 10. Nc1 Nc6 11. Nd3 b6 12. g4 Be6 13. O-O-O h5 14. g5 Ne8 15.
Bg2 Nd6 16. Kb1 Nc4 17. Bc1 Nd4 18. b3 Nd6 19. Nd5 Bxd5 20. exd5 Ne2 21. Bb2 e4
22. Nb4 Nc3+ 23. Bxc3 Bxc3 24. Nc6 Re8 25. h4 e3 26. fxe3 Rxe3 27. Bf1 a5 28.
Bd3 Rae8 29. Kc1 Kg7 30. Rdf1 Re1+ 31. Rxe1 Rxe1+ 32. Rxe1 Bxe1 33. Nd4 Bxh4 34.
Nf3 Bg3 35. Kd1 f6 36. Ke2 Nf7 37. gxf6+ Kxf6 38. Nd2 Nd6 39. Kf3 Be5 40. Ne4+
Nxe4 41. Kxe4 g5 42. Bb5 g4 43. Bd7 Bd6 44. Ke3 Kg5 45. Kf2 h4 0-1

[Event "Gaprindashvili Cup 2014"]
[Site "Tbilisi GEO"]
[Date "2014.09.15"]
[Round "7.6"]
[White "Azaladze, Shota"]
[Black "Paravyan, David"]
[Result "1-0"]
[WhiteTitle "IM"]
[BlackTitle "IM"]
[WhiteElo "2498"]
[BlackElo "2428"]
[WhiteFideId "13603027"]
[BlackFideId "4194985"]
[EventDate "2014.09.09"]

1. Nf3 f5 2. g3 g6 3. Bg2 Bg7 4. d4 Nf6 5. O-O O-O 6. c3 d6 7. Qb3+ e6 8. Nbd2
Qe7 9. Re1 Ne4 10. Nxe4 fxe4 11. Nd2 d5 12. f3 exf3 13. Nxf3 c5 14. e4 cxd4 15.
Nxd4 Nc6 16. Nxc6 bxc6 17. exd5 cxd5 18. Qxd5 Rb8 19. Qc4 Kh8 20. Rb1 e5 21. Be3
Bf5 22. Be4 Rbc8 23. Qa4 Qe6 24. Bxf5 gxf5 25. Rbd1 Rc4 26. Qd7 Qg6 27. Bf2 f4
28. Qd6 Qh5 29. Qe6 Re4 30. Rxe4 Qxd1+ 31. Re1 Qh5 32. Qd5 Qh3 33. gxf4 exf4 34.
Kh1 f3 35. Rg1 Qf5 36. Qxf5 Rxf5 37. Bxa7 Rb5 38. Bd4 Bxd4 39. cxd4 Rxb2 40. Ra1
Rd2 41. a4 Rxd4 42. a5 Rg4 43. a6 f2 44. a7 Rg8 45. h3 h6 46. Kh2 Kh7 47. Rc1 h5
48. Rc7+ Kg6 49. Kg2 Rd8 50. Rc6+ Kg5 51. Ra6 Ra8 52. Kxf2 Kh4 53. Kg2 Rg8+ 54.
Kh2 Ra8 55. Ra5 Rg8 56. Ra4+ 1-0

[Event "Gaprindashvili Cup 2014"]
[Site "Tbilisi GEO"]
[Date "2014.09.15"]
[Round "7.7"]
[White "Khurtsidze, Nino"]
[Black "Shahinyan, David"]
[Result "1/2-1/2"]
[WhiteTitle "IM"]
[BlackTitle "FM"]
[WhiteElo "2467"]
[BlackElo "2383"]
[WhiteFideId "13600320"]
[BlackFideId "13304380"]
[EventDate "2014.09.09"]

1. d4 e6 2. c4 f5 3. Nf3 Nf6 4. Nc3 d5 5. Qc2 c6 6. Bf4 Be7 7. e3 O-O 8. h3 Ne4
9. Bd3 Nd7 10. O-O Qe8 11. Rab1 a6 12. b4 b5 13. cxb5 cxb5 14. a4 Nb6 15. axb5
Nxc3 16. Qxc3 axb5 17. Ra1 Rxa1 18. Rxa1 Nc4 19. Nd2 Bb7 20. Nb3 Qc6 21. Nc5 Ra8
22. Rxa8+ Bxa8 23. Bf1 Bb7 24. Qa1 Kf7 25. Qa7 Bxc5 26. dxc5 e5 27. Bg3 g5 28.
f3 d4 29. exd4 e4 30. fxe4 Qxe4 31. Qb8 f4 32. Bf2 Nd2 33. Qc7+ Kg6 34. Qb6+ Kg7
35. Qxb5 Nxf1 36. Qxf1 h5 37. b5 Bd5 38. c6 g4 39. c7 Bb7 40. hxg4 hxg4 41. c8=Q
Bxc8 42. Qe1 Bb7 43. Qxe4 Bxe4 44. g3 fxg3 45. Bxg3 Kf6 46. Kf2 Ke6 47. Ke3 Bf3
48. Kd3 Kd5 49. Bf2 Kd6 50. Kc4 Bb7 51. Bg3+ Kd7 52. Kc5 Ba8 53. Kb6 Kc8 54. Kc5
Kd7 55. d5 Bb7 56. d6 Bf3 57. Kb6 Be4 58. Ka7 Kc8 59. b6 Bf3 60. Bf4 1/2-1/2

[Event "Gaprindashvili Cup 2014"]
[Site "Tbilisi GEO"]
[Date "2014.09.16"]
[Round "8.1"]
[White "Fier, Alexandr"]
[Black "Paichadze, Luka"]
[Result "0-1"]
[WhiteTitle "GM"]
[BlackTitle "GM"]
[WhiteElo "2579"]
[BlackElo "2543"]
[WhiteFideId "2107139"]
[BlackFideId "13602934"]
[EventDate "2014.09.09"]

1. d4 Nf6 2. c4 e6 3. Nc3 Bb4 4. e3 c5 5. Ne2 b6 6. a3 Ba5 7. Rb1 Qe7 8. Bd2 Na6
9. Ng3 Bb7 10. d5 O-O 11. Bd3 exd5 12. Nf5 Qe5 13. cxd5 c4 14. f4 Qc7 15. d6 Qc5
16. b4 cxb3 17. Rxb3 Rfe8 18. Qe2 g6 19. Ng3 Qc8 20. Bc4 Nc5 21. Rb2 Qc6 22. O-O
a6 23. f5 g5 24. Nd1 Qxd6 25. Bxa5 bxa5 26. Nh5 Bc6 27. Nf2 Nce4 28. Rd1 Qe5 29.
Nxe4 Nxe4 30. Re1 Nf6 31. Rd2 Re7 32. Nxf6+ Qxf6 33. Qf2 Rae8 34. Bd5 Rxe3 35.
Rxe3 Qa1+ 36. Qf1 Qxf1+ 37. Kxf1 Rxe3 38. Bxc6 dxc6 39. Rc2 Re5 40. Rxc6 Rxf5+
41. Ke2 a4 42. Rxa6 Rf4 43. g3 Rg4 44. Ra5 h6 45. Rc5 Kg7 46. Kf3 Rd4 47. Ke3
Rd1 48. Rc4 Rh1 49. h4 Rh3 50. Kf2 gxh4 51. Rg4+ Kh7 52. Rxa4 Rxg3 53. Rxh4 Rxa3
54. Rb4 Kg6 55. Rb8 h5 56. Rg8+ Kh7 57. Rb8 h4 58. Rb4 h3 59. Kg1 Kg6 60. Kh2 f5
61. Rb8 Kg5 62. Rg8+ Kf4 63. Rb8 Re3 64. Ra8 Rf3 65. Ra4+ Kg5 66. Ra8 f4 67.
Rg8+ Kf5 68. Rf8+ Ke4 69. Re8+ Kd3 70. Ra8 Re3 71. Ra3+ Ke4 72. Ra4+ Kf5 73. Ra8
Rd3 74. Rf8+ Ke4 75. Re8+ Kf3 76. Rf8 Rd7 77. Rf6 Re7 78. Rf8 Ke3 79. Kxh3 f3
80. Ra8 f2 81. Ra3+ Ke2 82. Ra2+ Kf3 83. Ra3+ Re3 84. Ra1 Re1 85. Ra3+ Ke4 0-1

[Event "Gaprindashvili Cup 2014"]
[Site "Tbilisi GEO"]
[Date "2014.09.16"]
[Round "8.2"]
[White "Pantsulaia, Levan"]
[Black "Hovhannisyan, Robert"]
[Result "1/2-1/2"]
[WhiteTitle "GM"]
[BlackTitle "GM"]
[WhiteElo "2590"]
[BlackElo "2592"]
[WhiteFideId "13602071"]
[BlackFideId "13302507"]
[EventDate "2014.09.09"]

1. Nf3 d5 2. g3 c6 3. Bg2 Nf6 4. d3 Bf5 5. O-O e6 6. Nh4 Bg4 7. h3 Bh5 8. g4
Nfd7 9. gxh5 Qxh4 10. e4 dxe4 11. dxe4 Nf6 12. e5 Nxh5 13. Qg4 Be7 14. Na3 g5
15. Qxh4 gxh4 16. Nc4 Nd7 17. Be3 Ng7 18. Be4 Nf5 19. Bxf5 exf5 20. Rfd1 Rg8+
21. Kf1 Rg6 22. Bf4 Nc5 23. Ke2 Ne6 24. Kf3 Rd8 25. c3 Rd5 26. Rxd5 cxd5 27. Ne3
Nxf4 28. Kxf4 Bg5+ 29. Kf3 Bxe3 30. Kxe3 Ke7 31. Rd1 Rb6 32. b3 Ke6 33. Rd4 Ra6
34. a4 Rb6 35. b4 Kxe5 36. Rxh4 f4+ 37. Rxf4 Rc6 38. Rxf7 Rxc3+ 39. Kd2 Rxh3 40.
Rxb7 a6 41. Rb6 Rf3 42. Rxa6 Rxf2+ 43. Ke3 Rb2 44. Rb6 h5 45. Kd3 h4 46. Kc3 Rh2
47. a5 d4+ 48. Kb3 Rh3+ 49. Kb2 Rh2+ 50. Kb3 Rh3+ 51. Kb2 Rh2+ 1/2-1/2

[Event "Gaprindashvili Cup 2014"]
[Site "Tbilisi GEO"]
[Date "2014.09.16"]
[Round "8.3"]
[White "Onischuk, Vladimir"]
[Black "Azaladze, Shota"]
[Result "1-0"]
[WhiteTitle "GM"]
[BlackTitle "IM"]
[WhiteElo "2593"]
[BlackElo "2498"]
[WhiteFideId "14114038"]
[BlackFideId "13603027"]
[EventDate "2014.09.09"]

1. e4 d6 2. d4 Nf6 3. Nc3 e5 4. Nf3 Nbd7 5. Bc4 Be7 6. O-O O-O 7. Re1 c6 8. a4
a5 9. h3 exd4 10. Qxd4 Nc5 11. Bf1 Re8 12. b3 Nfd7 13. Bb2 Bf6 14. Qxd6 Bxc3 15.
Bxc3 Nxe4 16. Qd4 Nxc3 17. Qxc3 Rxe1 18. Rxe1 Nf8 19. Bc4 Be6 20. Ne5 Bxc4 21.
Nxc4 Ne6 22. Re5 b6 23. Qe3 Rb8 24. Re4 Qc7 25. Ne5 Nc5 26. Rg4 f6 27. Nc4 Rd8
28. g3 Kf8 29. Kg2 Re8 30. Qc3 Ne6 31. Re4 c5 32. Qe3 Qc6 33. Kh2 Kf7 34. h4 Rd8
35. c3 Rd7 36. Qf3 Kg8 37. Qf5 Nf8 38. Re1 Rd8 39. Qe4 Qxe4 40. Rxe4 Rd3 41.
Nxb6 Rxc3 42. Re3 Rc2 43. Kg1 Kf7 44. Nc4 Ne6 45. Nxa5 Nd4 46. Nc4 h5 47. Kg2
Kg6 48. Rd3 Rc1 49. Nd6 Rb1 50. a5 Ra1 51. Nb7 Nc6 52. Rd7 Nxa5 53. Nxc5 Re1 54.
Nd3 Re8 55. Nf4+ Kh6 56. Rd5 Re5 57. b4 Nc4 58. b5 g5 59. Rxe5 fxe5 60. Nd5 gxh4
61. gxh4 Kg6 62. b6 Nd6 63. Kf3 Kf5 64. Nc3 Ke6 65. Ne4 Nb7 66. Ng3 Kd5 67. Nxh5
Kc6 68. Ke4 Nc5+ 69. Kxe5 Nd3+ 70. Kf5 Nxf2 71. Nf6 Nd1 72. Nd5 Kxd5 1-0

[Event "Gaprindashvili Cup 2014"]
[Site "Tbilisi GEO"]
[Date "2014.09.16"]
[Round "8.4"]
[White "Shahinyan, David"]
[Black "Petrosyan, Tigran S."]
[Result "1/2-1/2"]
[WhiteTitle "FM"]
[BlackTitle "FM"]
[WhiteElo "2383"]
[BlackElo "2422"]
[WhiteFideId "13304380"]
[BlackFideId "13303678"]
[EventDate "2014.09.09"]

1. Nf3 Nf6 2. g3 c5 3. Bg2 Nc6 4. O-O e5 5. d3 Be7 6. e4 O-O 7. Re1 Re8 8. Nc3
Bf8 9. Nd5 h6 10. c3 d6 11. a3 Be6 12. Nd2 b5 13. Nf1 Rb8 14. f4 a5 15. Qf3 b4
16. axb4 axb4 17. Ra6 Bxd5 18. exd5 Ne7 19. fxe5 Nexd5 20. Bf4 bxc3 21. bxc3
dxe5 22. Bxe5 Rb6 23. Ra2 Rbe6 24. Rae2 Qb6 25. c4 Nb4 26. Bc3 Rxe2 27. Rxe2
Rxe2 28. Qxe2 Qd6 29. Be4 Nxe4 30. dxe4 Qd3 31. Qxd3 Nxd3 32. Nd2 g5 33. Kf1 Bg7
34. Ba5 1/2-1/2

[Event "Gaprindashvili Cup 2014"]
[Site "Tbilisi GEO"]
[Date "2014.09.16"]
[Round "8.5"]
[White "Khurtsidze, Nino"]
[Black "Grigoryan, Karen H."]
[Result "1/2-1/2"]
[WhiteTitle "IM"]
[BlackTitle "GM"]
[WhiteElo "2467"]
[BlackElo "2610"]
[WhiteFideId "13600320"]
[BlackFideId "13301004"]
[EventDate "2014.09.09"]

1. d4 Nf6 2. Nf3 g6 3. c4 Bg7 4. g3 c5 5. d5 O-O 6. Nc3 d6 7. Bg2 e6 8. O-O exd5
9. cxd5 a6 10. a4 Nbd7 11. e4 Re8 12. Re1 Qc7 13. Bf4 Ng4 14. Qc2 Rb8 15. a5
Nge5 16. Nd2 h6 17. Nd1 b5 18. axb6 Rxb6 19. Bf1 g5 20. Be3 g4 21. Ra2 Qb8 22.
Nc3 Nf8 23. Rea1 Nfg6 24. Nd1 Qa8 25. Ra3 Rf8 26. Rb3 Rxb3 27. Qxb3 f5 28. exf5
Rxf5 29. Nc3 Ne7 30. Bxc5 dxc5 31. d6+ c4 32. Bxc4+ Nxc4 33. dxe7 Be6 34. Rxa6
Qe8 35. Nxc4 Qxe7 36. Qa3 Qxa3 37. Nxa3 Re5 38. Nc2 h5 39. h3 gxh3 40. f4 Bc8
41. Rd6 Re8 42. Rd2 Bg4 43. Kh2 Kf7 44. Nb5 Rb8 45. Nd6+ Kg6 46. Nc4 Bxb2 47.
N2e3 Bc3 48. Rd6+ Kf7 49. Rd3 Bf6 50. Nxg4 hxg4 51. Ne3 Rb2+ 52. Kh1 Rb1+ 53.
Rd1 1/2-1/2

[Event "Gaprindashvili Cup 2014"]
[Site "Tbilisi GEO"]
[Date "2014.09.16"]
[Round "8.6"]
[White "Shanava, Konstantine"]
[Black "Hayrapetyan, Hovik"]
[Result "1-0"]
[WhiteTitle "GM"]
[BlackTitle "GM"]
[WhiteElo "2550"]
[BlackElo "2438"]
[WhiteFideId "13601784"]
[BlackFideId "13302639"]
[EventDate "2014.09.09"]

1. e4 c5 2. Nf3 e6 3. d4 cxd4 4. Nxd4 a6 5. Nc3 Qc7 6. Bd3 Nc6 7. Nb3 b5 8. f4
d6 9. O-O Bb7 10. Be3 Nf6 11. Kh1 Be7 12. Qf3 O-O 13. Qh3 Nb4 14. a3 Nxd3 15.
cxd3 Rac8 16. Nd4 Rfe8 17. Rf3 Nd7 18. Raf1 Bf8 19. Rg3 Nc5 20. f5 exf5 21. Nxf5
f6 22. Nh6+ Kh8 23. Rxf6 Qd7 24. Rf5 Re6 25. Bd4 Re7 26. Rgf3 Ne6 27. Nf7+ 1-0

[Event "Gaprindashvili Cup 2014"]
[Site "Tbilisi GEO"]
[Date "2014.09.16"]
[Round "8.7"]
[White "Baryshpolets, Andrey"]
[Black "Shalamberidze, Akaki"]
[Result "1-0"]
[WhiteTitle "GM"]
[BlackTitle "IM"]
[WhiteElo "2540"]
[BlackElo "2406"]
[WhiteFideId "14117207"]
[BlackFideId "13600532"]
[EventDate "2014.09.09"]

1. d4 d5 2. c4 e6 3. Nf3 Nf6 4. Nc3 Be7 5. Bf4 O-O 6. e3 Nbd7 7. c5 c6 8. h3 b6
9. b4 Re8 10. Bd3 bxc5 11. bxc5 Qa5 12. Qd2 Ba6 13. Nxd5 Bd8 14. Nc7 Bxc7 15.
Bxc7 Qxc7 16. Bxa6 Ne4 17. Qb4 Rab8 18. Qa3 e5 19. O-O exd4 20. exd4 Ndf6 21.
Bc4 Rbd8 22. Rfe1 Nd5 23. Ne5 f5 24. Rad1 Kh8 25. Bxd5 Rxd5 26. f3 Nf6 27. Qa6
Rc8 28. Rb1 Kg8 29. Rb7 1-0

[Event "Gaprindashvili Cup 2014"]
[Site "Tbilisi GEO"]
[Date "2014.09.17"]
[Round "9.1"]
[White "Paichadze, Luka"]
[Black "Hovhannisyan, Robert"]
[Result "1/2-1/2"]
[WhiteTitle "GM"]
[BlackTitle "GM"]
[WhiteElo "2543"]
[BlackElo "2592"]
[WhiteFideId "13602934"]
[BlackFideId "13302507"]
[EventDate "2014.09.09"]

1. e4 c5 2. b3 d6 3. Bb2 Nf6 4. Bb5+ Nbd7 5. d3 g6 6. Bxd7+ Bxd7 7. Nc3 Bc6 8.
Nd5 Bxd5 9. exd5 Qa5+ 10. Qd2 Qxd2+ 11. Kxd2 Bh6+ 12. Kd1 Bg7 13. c4 O-O 14. f3
b5 15. Kc2 a5 16. a4 bxc4 17. bxc4 Nh5 18. Rb1 Rfb8 19. Ne2 Bxb2 20. Rxb2 Rxb2+
21. Kxb2 Ng7 22. g4 e6 23. Kc2 exd5 1/2-1/2

[Event "Gaprindashvili Cup 2014"]
[Site "Tbilisi GEO"]
[Date "2014.09.17"]
[Round "9.2"]
[White "Pantsulaia, Levan"]
[Black "Onischuk, Vladimir"]
[Result "0-1"]
[WhiteTitle "GM"]
[BlackTitle "GM"]
[WhiteElo "2590"]
[BlackElo "2593"]
[WhiteFideId "13602071"]
[BlackFideId "14114038"]
[EventDate "2014.09.09"]

1. Nf3 Nf6 2. g3 g6 3. Bg2 Bg7 4. O-O O-O 5. c4 d6 6. d4 Nc6 7. Nc3 e5 8. dxe5
dxe5 9. Qxd8 Rxd8 10. Bg5 Be6 11. Nd2 h6 12. Bxf6 Bxf6 13. Nde4 Be7 14. Nd5 Rac8
15. Nxe7+ Nxe7 16. b3 b6 17. Rfd1 f5 18. Nc3 c6 19. Kf1 Kf7 20. Ke1 g5 21. Rxd8
Rxd8 22. Rd1 Ke8 23. Rxd8+ Kxd8 24. Kd2 Kd7 25. Bh3 g4 26. Bg2 Kd6 27. h3 h5 28.
hxg4 hxg4 29. Kc2 Ng8 30. Nb1 a5 31. Nc3 Nf6 32. Kd3 Nd7 33. Ke3 Nf6 34. f3 Bd7
35. Kf2 b5 36. cxb5 cxb5 37. Ke3 Bc6 38. Nd1 Kc5 39. Nb2 Kb4 40. Nd3+ Ka3 41.
Nxe5 Ba8 42. Kd4 Kxa2 43. e4 Kxb3 44. Bf1 gxf3 45. exf5 b4 46. g4 Nh7 47. Nd3
Kc2 48. Nc5 Bc6 49. Bd3+ Kb2 50. Kc4 b3 51. Nxb3 Bd5+ 52. Kxd5 Kxb3 53. Kd4 f2
54. Ke3 Kc3 0-1

[Event "Gaprindashvili Cup 2014"]
[Site "Tbilisi GEO"]
[Date "2014.09.17"]
[Round "9.3"]
[White "Petrosyan, Tigran S."]
[Black "Fier, Alexandr"]
[Result "1/2-1/2"]
[WhiteTitle "FM"]
[BlackTitle "GM"]
[WhiteElo "2422"]
[BlackElo "2579"]
[WhiteFideId "13303678"]
[BlackFideId "2107139"]
[EventDate "2014.09.09"]

1. Nf3 d5 2. d4 Nf6 3. c4 c6 4. e3 e6 5. Nc3 Nbd7 6. Qc2 Bd6 7. Bd3 O-O 8. O-O
dxc4 9. Bxc4 b5 10. Be2 a6 11. Rd1 Qc7 12. e4 e5 13. g3 Re8 14. a3 c5 15. dxe5
Nxe5 16. Bg5 Be6 17. Bxf6 gxf6 18. Nd5 Bxd5 19. Rxd5 Nxf3+ 20. Bxf3 Re5 21. Rd2
c4 22. Rad1 Rd8 23. Bg4 Be7 24. Rxd8+ Bxd8 25. Rd7 Qb6 26. Qd1 Be7 27. Bf5 h6
28. Qh5 Kg7 29. Kg2 Qc6 30. Qg4+ Kf8 31. Kh3 a5 32. Qh5 Ke8 33. Ra7 Qxe4 34.
Bd7+ Kf8 35. Qxh6+ Kg8 36. Rc7 Bf8 37. Rc8 Re8 38. Qh5 Re5 39. Qh6 Re8 40. Rxe8
Qxe8 41. Bxe8 Bxh6 42. Bxb5 Bc1 43. a4 Bxb2 44. Bxc4 Kg7 45. Kg4 Bd4 46. f3 Bg1
47. h3 Bf2 48. f4 Be1 49. Bd3 Bf2 50. Kf3 Be1 51. g4 Bd2 52. Ke4 Be1 53. Kf5 Bf2
54. Ke4 1/2-1/2

[Event "Gaprindashvili Cup 2014"]
[Site "Tbilisi GEO"]
[Date "2014.09.17"]
[Round "9.4"]
[White "Quparadze, Giga"]
[Black "Shanava, Konstantine"]
[Result "1/2-1/2"]
[WhiteTitle "IM"]
[BlackTitle "GM"]
[WhiteElo "2471"]
[BlackElo "2550"]
[WhiteFideId "13602250"]
[BlackFideId "13601784"]
[EventDate "2014.09.09"]

1. e4 g6 2. d4 Bg7 3. Nc3 c6 4. Nf3 d6 5. Be2 Nd7 6. O-O Qc7 7. Re1 Ngf6 8. Bf1
e5 9. b3 O-O 10. Bb2 Re8 11. g3 b5 12. dxe5 dxe5 13. a4 b4 14. Nb1 a5 15. Nbd2
Nb6 16. Nc4 Nxc4 17. Bxc4 Bg4 18. h3 Bxh3 19. Ng5 Bg4 20. f3 Be6 21. Nxe6 fxe6
22. Kg2 Bf8 23. Qd2 h6 24. Rad1 Kf7 25. f4 Rad8 26. Qe3 Ng4 27. Qf3 h5 28. f5
Kg7 29. fxe6 Bc5 30. Qf7+ Qxf7 31. exf7 Rf8 32. Bc1 Bf2 33. Rf1 Ne3+ 34. Bxe3
Bxe3 35. Rd3 Bc5 36. Rfd1 Rd4 37. Rxd4 Bxd4 38. Kh3 Rd8 39. g4 hxg4+ 40. Kxg4
Bb6 41. Rf1 Bc5 42. Rf3 Be7 43. c3 1/2-1/2

[Event "Gaprindashvili Cup 2014"]
[Site "Tbilisi GEO"]
[Date "2014.09.17"]
[Round "9.5"]
[White "Grigoryan, Karen H."]
[Black "Baryshpolets, Andrey"]
[Result "1/2-1/2"]
[WhiteTitle "GM"]
[BlackTitle "GM"]
[WhiteElo "2610"]
[BlackElo "2540"]
[WhiteFideId "13301004"]
[BlackFideId "14117207"]
[EventDate "2014.09.09"]

1. d4 d5 2. c4 e6 3. Nf3 Nf6 4. g3 Bb4+ 5. Nc3 dxc4 6. Bg2 O-O 7. O-O Nc6 8. Bg5
Rb8 9. Rc1 h6 10. Bxf6 Qxf6 11. e3 b5 12. Ne4 Qe7 13. b3 Ba6 14. Nfd2 Na5 15.
Re1 Rfd8 16. Qc2 c5 17. Nxc5 Bxc5 18. dxc5 Qxc5 19. bxc4 Nxc4 20. Nb3 Qb6 21.
Nd4 Bb7 22. Qe2 Bxg2 23. Kxg2 a6 24. a4 Ne5 25. axb5 axb5 26. Rc2 Qb7+ 27. f3
Rdc8 28. Rb2 b4 29. Reb1 Nc6 30. Nc2 b3 31. Rxb3 Qxb3 32. Rxb3 Rxb3 33. Kh3 Rbb8
34. f4 Rc7 35. Ne1 Ne7 36. Nf3 Nd5 37. e4 Nf6 38. Qd3 Rbc8 39. e5 Rc3 40. Qa6
Nd5 41. f5 exf5 42. e6 Nf4+ 43. gxf4 Rxf3+ 44. Kg2 Rfc3 45. e7 Rb8 46. Qb5 Rcc8
47. Qxf5 Rb2+ 48. Kf3 Rc3+ 49. Kg4 Rg2+ 50. Kh4 Rxh2+ 51. Kg4 Rg2+ 52. Kh4 Rh2+
53. Kg4 Rg2+ 54. Kh4 Re2 55. Qd7 g5+ 56. fxg5 hxg5+ 57. Kxg5 Rce3 58. Qe8+ Kg7
59. Qf8+ Kh7 60. Qh6+ Kg8 61. Qf8+ Kh7 62. Qxf7+ Kh8 63. Qf6+ Kh7 64. Qg6+ Kh8
65. e8=R+ Rxe8 66. Qh6+ Kg8 67. Qg6+ Kh8 68. Qf6+ Kg8 69. Qg6+ Kh8 1/2-1/2

[Event "Gaprindashvili Cup 2014"]
[Site "Tbilisi GEO"]
[Date "2014.09.17"]
[Round "9.6"]
[White "Azaladze, Shota"]
[Black "Galoyan, Levon"]
[Result "1-0"]
[WhiteTitle "IM"]
[BlackTitle "FM"]
[WhiteElo "2498"]
[BlackElo "2227"]
[WhiteFideId "13603027"]
[BlackFideId "13302027"]
[EventDate "2014.09.09"]

1. Nf3 d5 2. g3 Nf6 3. Bg2 c6 4. O-O Bf5 5. Nh4 Be4 6. f3 Bg6 7. d4 Nbd7 8. e4
dxe4 9. Nxg6 hxg6 10. fxe4 e5 11. c3 Bd6 12. Nd2 b5 13. a4 a6 14. Nf3 O-O 15.
Qe2 Re8 16. Ng5 Nb6 17. axb5 axb5 18. Rb1 Qc7 19. Kh1 Re7 20. Be3 Nc4 21. Bg1
Ra2 22. Ra1 Rxb2 23. Qf3 Re8 24. d5 Ba3 25. g4 Rf8 26. Qh3 Rc8 27. Rxa3 c5 28.
Ra6 Nd6 29. Rc6 Qd7 30. Rxf6 1-0